1M+ cities of the world by letter - J - Statistics

General Stats
  • This quiz has been taken 1,380 times
    1,093 since last reset
  • The average score is 8 of 21
Answer Stats
Country Population City % Correct
Indonesia 29.80 mil Jakarta
100%
South Africa 15.10 mil Johannesburg
99%
Saudi Arabia 4.00 mil Jeddah
90%
Israel 1.10 mil Jerusalem
86%
United States 2.20 mil Jacksonville
79%
India 4.65 mil Jaipur
76%
China 6.95 mil Jinan
51%
India 1.75 mil Jodhpur
43%
China 1.61 mil Jilin
29%
Brazil 1.22 mil João Pessoa
27%
Nigeria 1.14 mil Jos
24%
India 1.86 mil Jamshedpur
15%
India 1.64 mil Jabalpur
14%
China 1.93 mil Jining
13%
China 1.25 mil Jinzhou
11%
India 1.26 mil Jalandhar
8%
China 3.27 mil Jiangyin
8%
China 2.30 mil Jiaxing
6%
China 1.67 mil Jiaozuo
5%
China 1.62 mil Jinhua
4%
China 1.12 mil Jiujiang
3%
No matching quizzes found
Score Distribution
Percent of People with Each Score
Percentile by Number Answered
Your Score History
You have not taken this quiz since the last reset